| 000 | 00599nam a22002057a 4500 | ||
|---|---|---|---|
| 005 | 20251208094157.0 | ||
| 008 | 220909b ||||| |||| 00| 0 eng d | ||
| 020 | _a9788125011606 | ||
| 040 | _cAL | ||
| 041 | _aeng | ||
| 082 |
_223 _a822.33Q-6 _bKHAW |
||
| 100 |
_aMaqbool Hasan Khan Ed _9248179 |
||
| 245 | _aWilliam Shakespeare the tempest | ||
| 260 |
_aHyderabad _bOrient Blackswan _c2017 |
||
| 300 |
_axxxxv,104p _bPB _c21x14cm |
||
| 365 |
_2English _a3496 _b175.50 _c₹ _d225.00 _e22% _f09-08-2022 |
||
| 650 |
_aEnglish Drama _956896 |
||
| 650 |
_aEnglish Literature _956897 |
||
| 942 |
_2ddc _cBK |
||
| 999 |
_c224534 _d224534 |
||